| 000 | 00528nam a2200217Ia 4500 | ||
|---|---|---|---|
| 008 | 170918s9999 xx 000 0 und d | ||
| 020 | _a9780545021333 | ||
| 050 | _bS857 2008 | ||
| 100 | _aStilton, Geronimo | ||
| 245 | _aGeronimo and the gold medal mystery / | ||
| 245 | _cby Geronimo Stilton. | ||
| 260 | _aNew York : | ||
| 260 | _bScholastic, | ||
| 260 | _c2008 | ||
| 300 | _a87 pages : | ||
| 300 | _bcolor illustrations ; | ||
| 300 | _c19cm. | ||
| 300 | _eGeronimo Stilton ; | ||
| 440 | _a33 | ||
| 500 | _a810 | ||
| 999 |
_c343716 _d343716 |
||